<?xml version="1.0" encoding="UTF-8"?>
<collection xmlns="http://www.loc.gov/MARC21/slim">
 <record>
  <leader>02012naa a2200229 a 4500</leader>
  <controlfield tag="001">1/42766</controlfield>
  <controlfield tag="008">120711s2008    us  a    b    001 0 eng  </controlfield>
  <datafield tag="020" ind1=" " ind2=" ">
   <subfield code="a">9780080568867 (e-book : PDF)</subfield>
  </datafield>
  <datafield tag="035" ind1=" " ind2=" ">
   <subfield code="l">45640</subfield>
  </datafield>
  <datafield tag="040" ind1=" " ind2=" ">
   <subfield code="a">OPELS</subfield>
   <subfield code="c">OPELS</subfield>
   <subfield code="d">CDX</subfield>
   <subfield code="d">UMC</subfield>
   <subfield code="d">GR-PeUP</subfield>
  </datafield>
  <datafield tag="041" ind1="0" ind2=" ">
   <subfield code="a">eng</subfield>
  </datafield>
  <datafield tag="245" ind1="0" ind2="0">
   <subfield code="a">Environmental modelling, software and decision support</subfield>
   <subfield code="h">[electronic resource] :</subfield>
   <subfield code="b">state of the art and new perspectives /</subfield>
   <subfield code="c">edited by A.J. Jakeman ... [et al.].</subfield>
  </datafield>
  <datafield tag="260" ind1=" " ind2=" ">
   <subfield code="a">Amsterdam ;</subfield>
   <subfield code="a">Boston :</subfield>
   <subfield code="b">Elsevier,</subfield>
   <subfield code="c">c2008.</subfield>
  </datafield>
  <datafield tag="504" ind1=" " ind2=" ">
   <subfield code="a">Περιέχει βιβλιογραφία και ευρετήριο.</subfield>
  </datafield>
  <datafield tag="520" ind1=" " ind2=" ">
   <subfield code="a">The complex and multidisciplinary nature of environmental problems requires that they are dealt with in an integrated manner. Modeling and software have become key instruments used to promote sustainability and improve environmental decision processes, especially through systematic integration of various knowledge and data and their ability to foster learning and help make predictions. This book presents the current state-of-the-art in environmental modeling and software and identifies the future challenges in the field. State-of-the-art in environmental modeling and software theory and practice for integrated assessment and management serves as a starting point for researchers. Identifies the areas of research and practice required for advancing the requisite knowledge base and tools, and their wider usage. Best practices of environmental modeling enables the reader to select appropriate software and gives the reader tools to integrate natural system dynamics with human dimensions.</subfield>
  </datafield>
  <datafield tag="650" ind1=" " ind2="4">
   <subfield code="a">Environmental sciences</subfield>
   <subfield code="x">Computer simulation.</subfield>
  </datafield>
  <datafield tag="655" ind1=" " ind2="4">
   <subfield code="a">Electronic books.</subfield>
  </datafield>
  <datafield tag="700" ind1="1" ind2=" ">
   <subfield code="a">Jakeman, A. J.</subfield>
  </datafield>
  <datafield tag="830" ind1=" " ind2=" ">
   <subfield code="a">Developments in integrated environmental assessment ;</subfield>
   <subfield code="v">3</subfield>
  </datafield>
  <datafield tag="852" ind1=" " ind2=" ">
   <subfield code="a">INST</subfield>
   <subfield code="b">UNIPILB</subfield>
   <subfield code="c">EBOOKS</subfield>
   <subfield code="e">20120711</subfield>
   <subfield code="p">00b45640</subfield>
   <subfield code="q">00b45640</subfield>
   <subfield code="t">ONLINE</subfield>
   <subfield code="y">0</subfield>
  </datafield>
  <datafield tag="856" ind1="4" ind2="0">
   <subfield code="u">http://www.sciencedirect.com/science/publication?issn=1574101X&amp;volume=3</subfield>
  </datafield>
  <datafield tag="856" ind1="4" ind2=" ">
   <subfield code="d">/webopac/covers/03/45640_9780080568867.jpg</subfield>
   <subfield code="z">(e-book : PDF)</subfield>
  </datafield>
 </record>
</collection>
